000 00852nam a22002177a 4500
999 _c58921
_d58921
003 Ge_BSU
005 20221019123333.0
008 221019s2022 ge ||||| |||| 00| 0 geo d
020 _a9789941847141
041 _ageo
080 _a929+37.013(479.223) ფ-97
100 _aფუტკარაძე, თამაზ
_915361
245 _aსერგო დუმბაძე - 85- /
_cთამაზ ფუტკარაძე; რედ. მიხეილ მახარაძე.
264 _aბათუმი,
_c2022.
300 _a190 გვ.:
_bფოტო;
_c21 სმ.
504 _aბიბლიოგრ. გვ.165
653 _aსერგო დუმბაძე
653 _a85 წლისთავი
700 _aმახარაძე, მიხეილ
_eრედაქტორი
_915362
942 _2udc
_cBK